000 00751nam a2200253Ia 4500
003 OSt
005 20220923223217.0
006 a|||||r|||| 00| 0
007 ta
008 220922b |||||||| |||| 00| 0 hin d
024 _a212,094
037 _cTextual
040 _aARTS
_cARTS
_bhin
041 _2hin
_ahin
082 _aO152,3N17,BK, L3
100 _aदेवराज
245 0 _aभीतर का भाव
246 _aBhītar kā bhāva
260 _aदिल्ली
_b राजपाल एंड सन्स
_c1973
300 _a128पृ.
_ccm.
650 _aहिन्दी साहित्य
_9156264
942 _hO152,3N17,BK, L3
_cTEXL
_2CC
999 _c362368
_d362368